| 000 | 00824nam a2200229 a 4500 | ||
|---|---|---|---|
| 001 | 000025329 | ||
| 005 | 20200930023718.0 | ||
| 008 | 110214s2006 sz a r 000 0 eng d | ||
| 020 | _a9291620327 | ||
| 040 |
_aDO-SdBNP _bspa _cBNPHU |
||
| 082 |
_axxxxxx _bM991u |
||
| 100 | 1 |
_aMusungu, Sisule F. _951876 |
|
| 245 | 1 | 4 |
_aThe use of flexibilities in trips by developing countries : _bcan they promote access to medicines? / _cSisule F. Musungu , Cecilia Oh. |
| 260 |
_aGénova : _bSouth Centre, _c2006. |
||
| 300 |
_axxxiii, 181 p. : _bil. ; _c21 cm. |
||
| 490 | 1 | _aSouth perspectives | |
| 500 | _aIncluye referencias bibliográficas p. [177-181]. | ||
| 504 | _aIncluye referencias bibliográficas y notas al pie de las páginas. | ||
| 700 | 1 |
_aOh, Cecilia _951877 |
|
| 830 | 0 |
_aSouth perspectives _951878 |
|
| 049 | _aBNGR | ||
| 999 |
_c24821 _d24821 |
||